[Event "ICS rated blitz match"]
[Site "204.178.125.65"]
[Date "2000.02.07"]
[Round "?"]
[White "Hossa"]
[Black "ChessMaster89"]
[Result "1-0"]
[WhiteElo "2348"]
[BlackElo "1342"]
[PlyCount "39"]

1. e4 e6 2. d4 d5 3. Nc3 Bb4 4. a3 Bxc3+ 5. bxc3 dxe4 6. Qg4 Qf6 7. Qxe4 Ne7 8.
Bd3 Nbc6 9. Nf3 b6 10. Bg5 Qg6 11. Bxe7 Kxe7 12. Qxc6 Qxg2 13. Rg1 Qh3 14. Qxa8
Ba6 15. Qxh8 Bxd3 16. Qc8 Qxf3 17. Qxc7+ Kf6 18. Qd8+ Kf5 19. Qg5+ Ke4 20. Qe5#
1-0

[Event "ICS Rated blitz match"]
[Site "164.58.253.13"]
[Date "2000.02.09"]
[Round "?"]
[White "Hossa"]
[Black "LilKikr"]
[Result "0-1"]
[WhiteElo "2090"]
[BlackElo "2395"]
[PlyCount "116"]

1. c4 Nf6 2. d4 e6 3. Nc3 Bb4 4. Nf3 c5 5. a3 Bxc3+ 6. bxc3 O-O 7. Bg5 Qa5 8.
Bd2 Ne4 9. e3 d5 10. cxd5 exd5 11. c4 Nxd2 12. Qxd2 Qxd2+ 13. Kxd2 dxc4 14.
Bxc4 cxd4 15. exd4 Nc6 16. d5 Rd8 17. Kc3 Na5 18. Ba2 b6 19. Rac1 Bb7 20. Rhd1
Rd7 21. Kb4 Rad8 22. Ne5 Re7 23. f4 Rd6 24. a4 Kf8 25. Rd2 g5 26. Nf3 gxf4 27.
Rcd1 Ba6 28. Re1 Re3 29. Rc1 Rd7 30. Nd4 Kg8 31. Rcd1 Kh8 32. Rc2 Nb7 33. Nf5
Re5 34. Nh4 Re4+ 35. Ka3 Nc5 36. Nf5 Rxa4+ 37. Kb2 Re4 38. Rdd2 Re5 39. Nh4
Nd3+ 40. Ka3 Re3 41. Ka4 Rde7 42. Nf5 R7e4+ 43. Ka3 Ne1+ 44. Bb3 Nxc2+ 45. Rxc2
Rd3 46. Rc7 h5 47. Nd6 Ree3 48. Nxf7+ Kg8 49. Nh6+ Kf8 50. Ka2 Rxb3 51. Rf7+
Ke8 52. Rxa7 Bc4 53. Ra8+ Kd7 54. Ra7+ Kc8 55. Rc7+ Kxc7 56. d6+ Kc6 57. Ka1
Rb5 58. g4 Re1# 0-1

[Event "ICS Rated standard match"]
[Site "204.178.125.65"]
[Date "2000.02.09"]
[Round "?"]
[White "DiepX"]
[Black "Hossa"]
[Result "1-0"]
[WhiteElo "2406"]
[BlackElo "2256"]
[PlyCount "69"]

1. d4 Nf6 2. a3 d5 3. c4 dxc4 4. e3 Be6 5. Nf3 c5 6. Qc2 cxd4 7. Nxd4 Bd5 8.
Nc3 e6 9. Nxd5 exd5 10. b3 cxb3 11. Qxb3 Qa5+ 12. Bd2 Qb6 13. Bb5+ Nc6 14. Rb1
Rc8 15. O-O Bd6 16. Nf5 Qc7 17. Nxg7+ Kf8 18. Nf5 Bxh2+ 19. Kh1 Bd6 20. Rfc1
Be7 21. Bc3 Ng4 22. Bg7+ Ke8 23. f4 Rg8 24. Ba4 Qd7 25. Qxb7 Qxf5 26. Rxc6 Qh5+
27. Kg1 Qh2+ 28. Kf1 Qh1+ 29. Ke2 Qxg2+ 30. Kd3 Nf2+ 31. Kc2 Qg6+ 32. Kb2 Rxc6
33. Bxc6+ Qxc6 34. Qxc6+ Kd8 35. Ka1 1-0

[Event "ICS Rated blitz match"]
[Site "204.178.125.65"]
[Date "2000.02.09"]
[Round "?"]
[White "DiepX"]
[Black "Hossa"]
[Result "1-0"]
[WhiteElo "2542"]
[BlackElo "2348"]
[PlyCount "105"]

1. e4 e5 2. Nf3 Nc6 3. Bb5 a6 4. Ba4 Nf6 5. O-O Be7 6. Re1 b5 7. Bb3 d6 8. c3
O-O 9. h3 Bb7 10. d4 Re8 11. Nbd2 Bf8 12. Bc2 g6 13. d5 Ne7 14. Nb3 Bg7 15. Na5
Bc8 16. a4 Bd7 17. Be3 Qb8 18. Qe2 bxa4 19. Reb1 Rd8 20. Nd2 Bb5 21. Qf3 Re8
22. Bxa4 Bxa4 23. Rxa4 Qb5 24. Raa1 Qd3 25. c4 Qc2 26. c5 Nd7 27. cxd6 cxd6 28.
Nac4 f5 29. Rc1 fxe4 30. Qg4 Qd3 31. Qxd7 Nxd5 32. Ra3 Nf6 33. Rxd3 Nxd7 34.
Rxd6 Nb8 35. Nxe4 Kf8 36. Rcd1 Kf7 37. Rd8 Rxd8 38. Rxd8 h6 39. Ned6+ Ke6 40.
Ne8 Ke7 41. Rc8 a5 42. Nxg7 g5 43. Ne8 Ra6 44. Rxb8 Rc6 45. Nxe5 Rc2 46. Ng4 h5
47. Bxg5+ Kf7 48. Nh6+ Ke6 49. Rd8 Rc1+ 50. Kh2 Rh1+ 51. Kxh1 a4 52. Bf6 h4 53.
Rd6# 1-0

[Event "ICS Rated blitz match"]
[Site "204.178.125.65"]
[Date "2000.02.09"]
[Round "?"]
[White "Hossa"]
[Black "DiepX"]
[Result "0-1"]
[WhiteElo "2340"]
[BlackElo "2550"]
[PlyCount "150"]

1. e4 e5 2. Nf3 Nc6 3. Bb5 a6 4. Ba4 Nf6 5. O-O Be7 6. Re1 b5 7. Bb3 d6 8. c3
O-O 9. h3 Na5 10. Bc2 c5 11. d4 Nd7 12. Nbd2 cxd4 13. cxd4 Nc6 14. Nb3 a5 15.
Be3 a4 16. Nc1 exd4 17. Nxd4 Nxd4 18. Bxd4 Ne5 19. Ne2 Nc6 20. Bc3 Be6 21. b3
b4 22. Nd4 Nxd4 23. Bxd4 a3 24. Rc1 Bg5 25. Be3 Bxe3 26. Rxe3 Qb6 27. Qd3 Rac8
28. e5 g6 29. Qxd6 Qxd6 30. exd6 Rc6 31. Kh2 Rfc8 32. d7 Bxd7 33. Re2 Rc3 34.
Rd1 Rxc2 35. Rxc2 Rxc2 36. Rxd7 Rxa2 37. Rb7 Rxf2 38. Rxb4 Rb2 39. Rb8+ Kg7 40.
b4 f5 41. Ra8 Rb3 42. b5 Kf6 43. h4 f4 44. b6 Kf5 45. b7 Rxb7 46. Rxa3 Kg4 47.
Ra4 Re7 48. Rb4 Re2 49. Rc4 Ra2 50. Rb4 Rd2 51. Re4 Rf2 52. h5 g5 53. Rd4 Kxh5
54. Kg1 Ra2 55. Rd7 h6 56. Rd4 Kh4 57. Kh2 Rf2 58. Rd3 g4 59. Kg1 Re2 60. Kf1
Re3 61. Rd1 Ra3 62. Kg1 Kg3 63. Rf1 f3 64. gxf3 gxf3 65. Rb1 Ra4 66. Rd1 Ra2
67. Rb1 Rg2+ 68. Kf1 Rh2 69. Ke1 Rh1+ 70. Kd2 Rxb1 71. Kd3 f2 72. Ke3 Rd1 73.
Ke4 f1=Q 74. Ke5 Qf7 75. Ke4 Qe6# 0-1

[Event "ICS Rated blitz match"]
[Site "204.178.125.65"]
[Date "2000.02.09"]
[Round "?"]
[White "StrongBach"]
[Black "Hossa"]
[Result "0-1"]
[WhiteElo "1828"]
[BlackElo "2333"]
[PlyCount "72"]

1. d4 d5 2. Qd3 Nf6 3. Bf4 e6 4. Qd2 Ne4 5. Qa5 b6 6. Qb5+ Bd7 7. Qd3 g5 8. Bc1
f5 9. a3 Bg7 10. a4 Bc8 11. Nf3 Ba6 12. Qe3 Nc6 13. Nxg5 Bxd4 14. Nxe6 Bxe3 15.
Nxd8 Bxf2+ 16. Kd1 Rxd8 17. Na3 Bc5 18. Ke1 Bxa3 19. Rxa3 Nd4 20. Rf3 Nxf3+ 21.
exf3 Bxf1 22. Rxf1 Nc5 23. Bg5 Rd6 24. b3 Rg6 25. h4 h6 26. Bf4 Rxg2 27. Kd1
Ne6 28. Be5 Rhg8 29. h5 Kf7 30. Kc1 Re2 31. f4 Rgg2 32. c3 Rc2+ 33. Kd1 Rb2 34.
Kc1 Nc5 35. Rf2 Rbxf2 36. Kb1 Rf1# 0-1

[Event "ICS Rated blitz match"]
[Site "204.178.125.65"]
[Date "2000.02.09"]
[Round "?"]
[White "Hossa"]
[Black "DiepX"]
[Result "0-1"]
[WhiteElo "2335"]
[BlackElo "2557"]
[PlyCount "124"]

1. e4 e5 2. Nf3 Nc6 3. Bb5 a6 4. Ba4 Nf6 5. O-O Be7 6. Re1 b5 7. Bb3 d6 8. c3
O-O 9. h3 Na5 10. Bc2 c5 11. d4 Qc7 12. Nbd2 cxd4 13. cxd4 Nc6 14. Nb3 a5 15.
Be3 a4 16. Nbd2 Be6 17. Bd3 a3 18. bxa3 Nxd4 19. Bxd4 exd4 20. Nxd4 Qc3 21.
Nxe6 fxe6 22. Bxb5 Qc5 23. a4 Nh5 24. Nf3 Nf4 25. Qb3 Qh5 26. Nd4 d5 27. Bc6
Rab8 28. Qf3 Qe5 29. Rad1 Bd6 30. Qg4 Rb4 31. Nf3 Qc3 32. Bd7 Rf6 33. Ng5 h5
34. Qf3 Qe5 35. Qg3 h4 36. Bxe6+ Rxe6 37. Qxh4 Rh6 38. Qg4 dxe4 39. a5 Ne6 40.
Rxe4 Qh2+ 41. Kf1 Rb2 42. Nf3 Qh1+ 43. Ng1 Rf6 44. Re2 Bh2 45. Rd8+ Nxd8 46.
Re8+ Rf8 47. Qc4+ Nf7 48. Rxf8+ Kxf8 49. Qc8+ Ke7 50. Qc5+ Nd6 51. Qa7+ Ke6 52.
Qe3+ Kd7 53. Qa7+ Kc6 54. Qa6+ Kc5 55. Qa7+ Kd5 56. Qa8+ Ke6 57. Qg8+ Kf6 58.
Qd8+ Kg6 59. Qxd6+ Bxd6 60. g3 Rb1+ 61. Ke2 Qe4+ 62. Kd2 Bb4# 0-1

[Event "ICS Rated blitz match"]
[Site "204.178.125.65"]
[Date "2000.02.09"]
[Round "?"]
[White "PackMaster"]
[Black "Hossa"]
[Result "1-0"]
[WhiteElo "2492"]
[BlackElo "2328"]
[PlyCount "263"]

1. e4 e5 2. Nf3 Nc6 3. Bc4 Nf6 4. d3 Be7 5. O-O O-O 6. Bb3 d5 7. exd5 Nxd5 8.
h3 Qd6 9. Na3 Bf6 10. Ng5 Bxg5 11. Bxg5 Nd4 12. Re1 Nxb3 13. axb3 f6 14. Nc4
Qd7 15. Bd2 Qc6 16. Qf3 Rd8 17. Rac1 b6 18. Qe4 Be6 19. f4 b5 20. Na3 Qb6+ 21.
Kh1 b4 22. Nc4 Qc6 23. fxe5 Rf8 24. c3 Qb5 25. cxb4 Rae8 26. Qd4 a6 27. Kg1 Bf5
28. exf6 Nxf6 29. Ne5 Re7 30. Qc4+ Nd5 31. Qxb5 axb5 32. Rc5 Nf6 33. Rxb5 Rfe8
34. Ra5 h6 35. Bc3 Nd7 36. Nxd7 Bxd7 37. Rxe7 Rxe7 38. Be5 Be8 39. d4 c6 40.
Ra6 Kh7 41. Kf2 Rf7+ 42. Ke1 g5 43. Ra8 Re7 44. Rc8 Kg6 45. Kd2 Kh5 46. Ke2 Bd7
47. Rf8 g4 48. hxg4+ Kxg4 49. Rf6 Kg5 50. Rf8 Kg4 51. Rf3 Bf5 52. Kd2 Rd7 53.
Kc3 Rd5 54. Kc4 Kg5 55. g3 h5 56. Rf1 Be6 57. Kc3 Bf5 58. Rf4 Kg6 59. Kc4 Kg5
60. Rf3 Rb5 61. Bf4+ Kg4 62. Rf2 Be6+ 63. Kc3 Bd5 64. Rh2 Bf3 65. Rh4+ Kf5 66.
Be5 Bg4 67. Rh1 Bf3 68. Rf1 Ke4 69. Re1+ Kd5 70. Ra1 Rb6 71. Ra8 Ke6 72. Rf8
Bd5 73. Rf6+ Ke7 74. Rh6 Bf3 75. d5 Bxd5 76. Bd6+ Kf7 77. Rxh5 Be6 78. Rh7+ Kg6
79. Re7 Bg4 80. Re4 Kh5 81. Re8 Kg6 82. Rg8+ Kf5 83. Rf8+ Kg6 84. Rf4 Kh5 85.
Rf7 Ra6 86. Rf6 Kg5 87. Rf8 Kg6 88. Rg8+ Kf5 89. Bf4 Be2 90. Rf8+ Kg4 91. Be5
Ra1 92. Rf6 Bb5 93. Rf4+ Kg5 94. Bf6+ Kg6 95. Bd4 Rf1 96. Bf2 Kg5 97. Kd2 Ba6
98. Rf8 Bb5 99. Rf7 Rh1 100. Rf4 Rh2 101. Kc3 Rg2 102. Kd4 Be2 103. Ke3 Bh5
104. Rf8 Bg4 105. Rg8+ Kh5 106. Rd8 Kg5 107. Rd6 Bf5 108. Rxc6 Rh2 109. Rc5 Rh1
110. b5 Kg4 111. b6 Rh6 112. Rc4+ Kg5 113. Ke2 Bg4+ 114. Rxg4+ Kxg4 115. b7 Rh8
116. Ba7 Re8+ 117. Kf2 Kg5 118. b8=Q Rxb8 119. Bxb8 Kf6 120. g4 Ke6 121. b4 Kd5
122. Bg3 Kc4 123. g5 Kd3 124. b5 Ke4 125. b6 Kf5 126. b7 Ke6 127. b8=Q Kd5 128.
g6 Kc4 129. g7 Kd4 130. g8=Q Kc5 131. Qc7+ Kb4 132. Qgc4# 1-0

[Event "ICS Rated blitz match"]
[Site "204.178.125.65"]
[Date "2000.02.09"]
[Round "?"]
[White "Hossa"]
[Black "PackMaster"]
[Result "0-1"]
[WhiteElo "2319"]
[BlackElo "2502"]
[PlyCount "103"]

1. e4 e5 2. Nf3 d6 3. d4 Nf6 4. Nc3 Nbd7 5. Bc4 Be7 6. O-O O-O 7. Qe2 c6 8. a4
Qc7 9. h3 b6 10. Rd1 exd4 11. Rxd4 Ne5 12. Nxe5 dxe5 13. Rd3 Ne8 14. Be3 Nd6
15. Rd2 Nxc4 16. Qxc4 Qb7 17. Rad1 Be6 18. Qe2 Rfd8 19. Qh5 Rxd2 20. Rxd2 Qc7
21. Rd1 Bb4 22. Rd3 Bc4 23. Rd1 Bxc3 24. bxc3 a5 25. Qg4 b5 26. Bh6 g6 27. axb5
cxb5 28. Qg5 f6 29. Qxf6 a4 30. f4 exf4 31. e5 a3 32. Ra1 a2 33. Kh2 Bd5 34.
Kg1 Rc8 35. c4 Bxc4 36. Kh2 Bd5 37. c4 Bxc4 38. Rf1 Re8 39. Re1 b4 40. Rd1 b3
41. e6 f3+ 42. Bf4 Qg7 43. Qxg7+ Kxg7 44. Be5+ Kh6 45. Bb2 f2 46. Bc1+ g5 47.
h4 Rxe6 48. Bxg5+ Kg6 49. Be3 Rxe3 50. h5+ Kg5 51. Rc1 f1=Q 52. Rxf1 0-1

[Event "ICS Rated blitz match"]
[Site "204.178.125.65"]
[Date "2000.02.09"]
[Round "?"]
[White "PackMaster"]
[Black "Hossa"]
[Result "1-0"]
[WhiteElo "2510"]
[BlackElo "2311"]
[PlyCount "137"]

1. d4 d5 2. c4 e6 3. Nc3 Nf6 4. Bg5 Be7 5. e3 O-O 6. Nf3 Nbd7 7. Rc1 c6 8. Qc2
Ne4 9. Bxe7 Qxe7 10. Nxe4 dxe4 11. Qxe4 Qb4+ 12. Nd2 Qxb2 13. Rb1 Qa3 14. Qc2
e5 15. dxe5 Nxe5 16. Be2 Rd8 17. O-O g6 18. c5 b6 19. Rfc1 Bf5 20. e4 Be6 21.
cxb6 axb6 22. Rxb6 Qxa2 23. Rb2 Qa3 24. Rcb1 Qd6 25. Rd1 Qe7 26. Rc1 Rac8 27.
Nb3 Bxb3 28. Rxb3 Qg5 29. Re3 Rd4 30. Qc3 Qf6 31. f4 c5 32. fxe5 Qxe5 33. Bc4
Kg7 34. Rf1 f6 35. Bd5 Kh8 36. Rc1 f5 37. Ree1 fxe4 38. Bxe4 Qg7 39. Qe3 Qf6
40. Bb7 Rcd8 41. Rxc5 Rd1 42. Rc1 Rxc1 43. Rxc1 Qg7 44. Bd5 h5 45. Rd1 Rc8 46.
Be4 Re8 47. Rd4 g5 48. Qc3 Qf6 49. Qb2 h4 50. h3 Qg7 51. Qb6 Kg8 52. Qb3+ Kh8
53. Qd1 Qe5 54. Qh5+ Kg8 55. Rd5 Qe6 56. Qxg5+ Kf8 57. Rf5+ Qxf5 58. Qxf5+ Ke7
59. Qe5+ Kd8 60. Qd6+ Kc8 61. Bf5+ Kb7 62. Qd7+ Kb6 63. Qxe8 Kc5 64. Qe5+ Kb4
65. Qd4+ Kb3 66. Be4 Ka3 67. Bc2 Ka2 68. Qb6 Ka3 69. Qb3# 1-0

[Event "ICS Rated blitz match"]
[Site "204.178.125.65"]
[Date "2000.02.09"]
[Round "?"]
[White "Hossa"]
[Black "Zippy"]
[Result "0-1"]
[WhiteElo "2303"]
[BlackElo "2196"]
[PlyCount "139"]

1. e4 d6 2. d4 Nf6 3. Nc3 g6 4. f4 Bg7 5. Nf3 O-O 6. Bd3 Nc6 7. e5 dxe5 8. fxe5
Nd5 9. O-O Nxc3 10. bxc3 f6 11. exf6 exf6 12. Bf4 Be6 13. Qb1 Bd5 14. Qxb7 Nxd4
15. Qxc7 Qxc7 16. Bxc7 Nxf3+ 17. gxf3 f5 18. Ba5 Rfe8 19. a4 Re3 20. f4 Rc8 21.
Rfb1 Bxc3 22. Bxc3 Rxc3 23. Rb8+ Kf7 24. Rh8 Kg7 25. Rd8 Bc6 26. a5 Rc5 27. a6
Kh6 28. Rf8 Bd5 29. Rd1 Rf3 30. Bxf5 Rxf4 31. Rc8 Bc6 32. Rxc6 Rxc6 33. Bd3 Kg5
34. Re1 Rg4+ 35. Kh1 Rc7 36. Re3 Rd7 37. Re8 Rf7 38. Ra8 Re7 39. h3 Rg3 40. Bf1
Rf7 41. Bd3 Rxh3+ 42. Kg2 Kg4 43. Rb8 Rg3+ 44. Kh1 Kh3 45. Rb1 Rf2 46. Bf1+ Kg4
47. Rb4+ Kf3 48. Rb3+ Kf4 49. Rb4+ Kg5 50. Bd3 Re3 51. Kg1 Rd2 52. Kf1 Re7 53.
Rb7 Kf6 54. Rb8 h5 55. Rg8 Rg7 56. Rc8 Kg5 57. Re8 h4 58. Ke1 Rh2 59. Kd1 h3
60. Rh8 Kg4 61. Re8 Rf2 62. Re4+ Kf3 63. Re1 h2 64. Kc1 Re7 65. Rd1 Kg2 66. Bb5
Re6 67. Bc4 Re5 68. Kb2 h1=Q 69. Rxh1 Kxh1 70. Kc3 0-1

[Event "ICS Rated blitz match"]
[Site "204.178.125.65"]
[Date "2000.02.09"]
[Round "?"]
[White "Zippy"]
[Black "Hossa"]
[Result "0-1"]
[WhiteElo "2217"]
[BlackElo "2282"]
[PlyCount "192"]

1. d4 d5 2. c4 e6 3. Nc3 Nf6 4. cxd5 exd5 5. Bg5 Be7 6. e3 O-O 7. Nf3 h6 8.
Bxf6 Bxf6 9. Bd3 Re8 10. O-O c6 11. Rc1 Bg4 12. h3 Be6 13. Qc2 Nd7 14. Ne2 Qa5
15. Nf4 Qb6 16. a3 Kh8 17. b4 Nf8 18. b5 Rac8 19. bxc6 Rxc6 20. Qa2 Qc7 21.
Rxc6 Qxc6 22. Rb1 Rc8 23. Qb3 b6 24. Rd1 Kg8 25. Nh5 Be7 26. Nf4 Qd6 27. Ra1
Nd7 28. Qb4 Rc7 29. Qb5 Rc3 30. a4 Qc7 31. a5 bxa5 32. Qxa5 Qxa5 33. Rxa5 Bd6
34. Nxe6 fxe6 35. Bf1 Rc7 36. g3 Nb6 37. Bd3 Rc1+ 38. Kg2 Bb8 39. Rc5 Ra1 40.
Rc6 Kf7 41. e4 dxe4 42. Bxe4 Ke7 43. Bc2 g5 44. h4 Kd7 45. Rc5 gxh4 46. Nxh4
Nd5 47. Nf3 Bd6 48. Ne5+ Bxe5 49. dxe5 a5 50. Be4 Nb4 51. Rb5 Na6 52. Rb7+ Nc7
53. Rb8 Re1 54. Kf3 a4 55. Bc2 a3 56. Ba4+ Ke7 57. Bb3 Rxe5 58. Rb7 Kd6 59. Ra7
Nb5 60. Ra6+ Ke7 61. Kg2 Re4 62. f4 Re2+ 63. Kf1 Re3 64. Ba2 Nd4 65. Ra4 Rd3
66. Kf2 h5 67. Ra7+ Kf6 68. Ra6 Rf3+ 69. Kg2 Re3 70. Bc4 Rc3 71. Bd5 Kf5 72.
Ra4 Kg4 73. Rxd4 Rc2+ 74. Kf1 exd5 75. f5+ Kh3 76. f6 a2 77. Ra4 h4 78. gxh4
Rc1+ 79. Ke2 a1=Q 80. Rxa1 Rxa1 81. h5 Ra6 82. f7 Rf6 83. f8=Q Rxf8 84. Ke3 Rh8
85. h6 Rxh6 86. Kd3 Rd6 87. Kd4 Rd8 88. Ke3 d4+ 89. Kd3 Kg4 90. Kd2 d3 91. Kc3
d2 92. Kb4 Kf5 93. Kb3 Rc8 94. Kb4 d1=Q 95. Kb5 Qb1+ 96. Ka5 Ra8# 0-1

[Event "ICS Rated blitz match"]
[Site "204.178.125.65"]
[Date "2000.02.09"]
[Round "?"]
[White "Hossa"]
[Black "RedBear"]
[Result "0-1"]
[WhiteElo "2295"]
[BlackElo "2515"]
[PlyCount "112"]

1. e4 e5 2. Nf3 Nc6 3. Bb5 a6 4. Ba4 Nf6 5. O-O Be7 6. Re1 b5 7. Bb3 d6 8. c3
O-O 9. h3 Bb7 10. d4 Re8 11. Nbd2 Bf8 12. a4 h6 13. Bc2 exd4 14. cxd4 Nb4 15.
Bb1 c5 16. d5 Nd7 17. Ra3 f5 18. Rae3 Nf6 19. Nh2 Qd7 20. exf5 Rxe3 21. fxe3
Bxd5 22. Ng4 Be7 23. e4 Bf7 24. Nxf6+ Bxf6 25. Nf3 Rd8 26. Re3 bxa4 27. Re2 Bb3
28. Qe1 Qb5 29. Rd2 Nc6 30. Bd3 c4 31. Bf1 Qc5+ 32. Qf2 Qb4 33. Qe3 Re8 34. Qf4
c3 35. bxc3 Qc5+ 36. Kh1 Ne5 37. Bxa6 Nxf3 38. Qxf3 Bg5 39. Bf1 a3 40. c4 a2
41. Bb2 Bxd2 42. Qxb3 Qf2 43. Qf3 Qe1 44. f6 Rf8 45. Qf5 Bc3 46. Qd5+ Kh8 47.
Bxc3 Qxc3 48. Qxd6 Rxf6 49. Qd8+ Kh7 50. Qd1 a1=Q 51. Qxa1 Qxa1 52. Kh2 Rxf1
53. h4 Qe1 54. Kh3 Rf4 55. g4 Qh1+ 56. Kg3 Rf3# 0-1

[Event "ICS rated blitz match"]
[Site "204.178.125.65"]
[Date "2000.02.09"]
[Round "?"]
[White "mozzer"]
[Black "Hossa"]
[Result "0-1"]
[WhiteElo "2067"]
[BlackElo "2288"]
[PlyCount "56"]

1. e4 e5 2. Nf3 Nc6 3. d4 exd4 4. Nxd4 Nf6 5. Nxc6 bxc6 6. e5 Qe7 7. Qe2 Nd5 8.
h4 Qe6 9. Rh3 Nb4 10. Nc3 Ba6 11. Qd1 Bxf1 12. Kxf1 Qg6 13. a3 Na6 14. Rg3 Qe6
15. b4 O-O-O 16. Qd3 c5 17. Bg5 Re8 18. Nb5 Kb8 19. Rd1 cxb4 20. Nd6 cxd6 21.
Qxa6 Rc8 22. Be3 Qc4+ 23. Qxc4 Rxc4 24. exd6 bxa3 25. Ra1 Bxd6 26. Rxg7 Be5 27.
Rb1+ Kc8 28. Bxa7 a2 0-1

[Event "ICS rated blitz match"]
[Site "204.178.125.65"]
[Date "2000.02.09"]
[Round "?"]
[White "Hossa"]
[Black "Foxtail"]
[Result "1-0"]
[WhiteElo "2294"]
[BlackElo "2064"]
[PlyCount "99"]

1. e4 c5 2. Nf3 e6 3. d4 cxd4 4. Nxd4 Nf6 5. Nc3 d6 6. Be2 a6 7. O-O Be7 8. a4
Nc6 9. Be3 Qc7 10. Qd2 O-O 11. Rfd1 Bd8 12. Nxc6 Qxc6 13. Qxd6 Qxd6 14. Rxd6
Be7 15. Rd3 Bb4 16. Bf3 e5 17. Nd5 Nxd5 18. Rxd5 f6 19. Rad1 Be6 20. Bc5 Bxc5
21. Rxc5 Rac8 22. Rxc8 Rxc8 23. c3 Kf7 24. Rd3 Ke7 25. h4 Bb3 26. a5 Rc5 27.
Bg4 Be6 28. Bxe6 Kxe6 29. b4 Rc4 30. Re3 Kd6 31. h5 Kc6 32. Rg3 Rxe4 33. Rxg7
Re1+ 34. Kh2 Rc1 35. Rxh7 Rxc3 36. Rf7 Rc4 37. Rxf6+ Kd5 38. h6 Rxb4 39. g3 Rc4
40. Rf7 Rc8 41. Rxb7 Ke4 42. Rb6 Kf3 43. Rf6+ Ke2 44. Kg2 e4 45. Re6 Kd3 46.
Rxa6 Rf8 47. Re6 Kd4 48. h7 Kd5 49. Rh6 Rh8 50. a6 1-0

[Event "ICS rated blitz match"]
[Site "204.178.125.65"]
[Date "2000.02.09"]
[Round "?"]
[White "Foxtail"]
[Black "Hossa"]
[Result "0-1"]
[WhiteElo "2057"]
[BlackElo "2301"]
[PlyCount "78"]

1. d4 d5 2. c4 e6 3. Nc3 Nf6 4. cxd5 exd5 5. Bg5 Be7 6. e3 O-O 7. Qc2 Nc6 8. a3
Re8 9. Bd3 h6 10. Bf4 Nh5 11. Bg3 Bg5 12. Nge2 Be6 13. b4 Nxg3 14. Nxg3 Bh4 15.
O-O Bxg3 16. hxg3 Qg5 17. Na4 Re7 18. Nc5 Nd8 19. a4 g6 20. a5 a6 21. Rfb1 c6
22. Na4 Bg4 23. Nb6 Rb8 24. Re1 Bh5 25. Qc5 Ne6 26. Qc3 Rbe8 27. b5 axb5 28. a6
bxa6 29. Rxa6 Rc7 30. Na8 Rcc8 31. Nb6 Rcd8 32. Qxc6 Nxd4 33. Qc7 Ne6 34. Qc6
b4 35. Qb5 Nc7 36. Qxb4 Nxa6 37. Bxa6 d4 38. e4 d3 39. Nd5 d2 0-1

[Event "ICS rated blitz match"]
[Site "204.178.125.65"]
[Date "2000.02.09"]
[Round "?"]
[White "Hossa"]
[Black "Foxtail"]
[Result "1-0"]
[WhiteElo "2307"]
[BlackElo "2051"]
[PlyCount "139"]

1. e4 c5 2. Nf3 e6 3. d4 cxd4 4. Nxd4 Nf6 5. Nc3 d6 6. Be2 a6 7. O-O Be7 8. a4
Nc6 9. Be3 Qc7 10. Qd2 O-O 11. Rfd1 Bd7 12. Bg5 Rfd8 13. Nxc6 Bxc6 14. Qd4 Rd7
15. Rd2 e5 16. Qe3 d5 17. exd5 Nxd5 18. Nxd5 Rxd5 19. Rxd5 Bxd5 20. Bxe7 Qxe7
21. Rd1 Bc6 22. a5 g6 23. Qc3 f6 24. Bc4+ Kg7 25. Qd2 Rc8 26. Bb3 Rc7 27. Qd8
Qxd8 28. Rxd8 Rd7 29. Rxd7+ Bxd7 30. Bd5 Bc8 31. c4 Kf8 32. b4 Ke7 33. h4 Kd6
34. g4 Kc7 35. g5 fxg5 36. hxg5 Bf5 37. Kg2 b6 38. axb6+ Kxb6 39. Bg8 a5 40.
bxa5+ Kxa5 41. Bxh7 Kb4 42. Bg8 Bd3 43. Bf7 Bxc4 44. Bxg6 Kc5 45. Bf5 Kd6 46.
Kf3 Bd5+ 47. Kg4 Ke7 48. Kh5 Kf8 49. Kh6 Kg8 50. g6 Kf8 51. g7+ Ke7 52. Kh7 Kf6
53. Bd7 Kg5 54. Bc6 Be6 55. g8=R+ Bxg8+ 56. Kxg8 Kf4 57. f3 Ke3 58. Kf7 Kd4 59.
Ke6 Kc5 60. Bd5 Kd4 61. Kd6 Ke3 62. Kxe5 Kf2 63. f4 Kg3 64. f5 Kg4 65. f6 Kg5
66. f7 Kg4 67. f8=Q Kg3 68. Qf4+ Kh3 69. Qg5 Kh2 70. Qg2# 1-0

[Event "ICS rated blitz match"]
[Site "204.178.125.65"]
[Date "2000.02.09"]
[Round "?"]
[White "Foxtail"]
[Black "Hossa"]
[Result "1/2-1/2"]
[WhiteElo "2045"]
[BlackElo "2313"]
[PlyCount "72"]

1. d4 d5 2. c4 e6 3. Nc3 Nf6 4. cxd5 exd5 5. Bg5 Be7 6. e3 O-O 7. Bd3 c6 8.
Nge2 Ng4 9. Bxe7 Qxe7 10. h3 Qh4 11. O-O Nf6 12. Ng3 g6 13. e4 Be6 14. e5 Nfd7
15. Nce2 c5 16. f4 cxd4 17. f5 gxf5 18. Nxf5 Bxf5 19. Bxf5 Nxe5 20. Rf4 Qh5 21.
Bg4 Qg6 22. Qxd4 Qb6 23. Kh2 Nbc6 24. Qxd5 Qxb2 25. Raf1 Rad8 26. Qe4 Qxa2 27.
Bf5 Ng6 28. Rg4 Rfe8 29. Qf3 Rxe2 30. Bxg6 fxg6 31. Qf6 Rde8 32. Rxg6+ hxg6 33.
Qxg6+ Kh8 34. Qh6+ Kg8 35. Qg6+ Kh8 36. Qh6+ Kg8 1/2-1/2

[Event "ICS rated blitz match"]
[Site "204.178.125.65"]
[Date "2000.02.09"]
[Round "?"]
[White "Hossa"]
[Black "petur3"]
[Result "0-1"]
[WhiteElo "2303"]
[BlackElo "2099"]
[PlyCount "146"]

1. e4 c5 2. Nf3 e6 3. d4 cxd4 4. Nxd4 Bc5 5. Nb3 Bb6 6. Nc3 Ne7 7. e5 O-O 8.
Ne4 Nbc6 9. f4 Nf5 10. g3 Bc7 11. Bd3 d5 12. exd6 Nxd6 13. Ng5 h6 14. Nf3 b6
15. g4 Bb7 16. g5 Nf5 17. gxh6 Nxh6 18. c3 e5 19. f5 e4 20. Bxe4 Re8 21. Nbd2
Ne5 22. Bxb7 Nxf3+ 23. Kf2 Qh4+ 24. Kxf3 Qh3+ 25. Kf2 Ng4+ 26. Qxg4 Qxg4 27.
Nf3 Rab8 28. Bc6 Qxf5 29. Bxe8 Rxe8 30. Bd2 Qc2 31. Rhd1 Qxb2 32. Rdb1 Qc2 33.
Rc1 Qd3 34. Re1 Rd8 35. Re2 Bd6 36. Rae1 Bc5+ 37. Kg3 Qg6+ 38. Kh4 f6 39. Be3
Bxe3 40. Rxe3 Rd5 41. Kh3 Rh5+ 42. Nh4 Qg5 43. Re8+ Kh7 44. R1e4 Qg1 45. Rf4 g5
46. Re7+ Kg8 47. Rfe4 Rxh4+ 48. Rxh4 gxh4 49. Rxa7 f5 50. Ra4 Kf7 51. Kxh4 Ke6
52. Rb4 Qxh2+ 53. Kg5 Qg3+ 54. Kh6 Qd6 55. Kg5 Qd2+ 56. Kg6 Qg2+ 57. Kh6 Qg1
58. Rc4 Ke5 59. a4 f4 60. Rb4 f3 61. Rb5+ Ke4 62. Rb4+ Ke3 63. Rxb6 f2 64. Rf6
f1=Q 65. Rxf1 Qxf1 66. Kg7 Qf5 67. c4 Ke4 68. a5 Ke5 69. c5 Qf6+ 70. Kg8 Ke6
71. c6 Qe7 72. c7 Kf6 73. c8=Q Qg7# 0-1

[Event "ICS Rated blitz match"]
[Site "204.178.125.65"]
[Date "2000.02.09"]
[Round "?"]
[White "petur3"]
[Black "Hossa"]
[Result "0-1"]
[WhiteElo "2123"]
[BlackElo "2279"]
[PlyCount "92"]

1. e4 e5 2. Nf3 Nc6 3. Bb5 a6 4. Ba4 Nf6 5. O-O Be7 6. Re1 b5 7. Bb3 d6 8. c3
O-O 9. h3 Bb7 10. d4 Re8 11. Nbd2 Bf8 12. d5 Ne7 13. a4 c6 14. axb5 axb5 15.
Rxa8 Qxa8 16. dxc6 Nxc6 17. Ng5 Nd8 18. Qe2 Qa5 19. Bc2 Bc6 20. Nf1 Ne6 21. g3
Qa2 22. Nxe6 Qxe6 23. Kh2 Bd7 24. g4 h5 25. f3 Ra8 26. Ng3 hxg4 27. hxg4 Ra2
28. Nf5 g6 29. Ne3 Bh6 30. Kg2 Bf4 31. Bb1 Ra1 32. Bd3 Qa2 33. Qc2 Qa7 34. Nf1
Qa8 35. Bd2 Rxe1 36. Bxe1 d5 37. Ng3 Qa2 38. Ne2 Bg5 39. exd5 Nxd5 40. Bf2 Be8
41. Be4 Nf6 42. Bd3 Bc6 43. Bxg6 Qa8 44. Ng1 e4 45. Bf5 exf3+ 46. Kh3 Qf8 0-1

[Event "ICS rated blitz match"]
[Site "204.178.125.65"]
[Date "2000.02.09"]
[Round "?"]
[White "Hossa"]
[Black "petur3"]
[Result "1-0"]
[WhiteElo "2288"]
[BlackElo "2132"]
[PlyCount "53"]

1. e4 c5 2. Nf3 e6 3. d4 cxd4 4. Nxd4 Bc5 5. Nb3 Bb6 6. Nc3 Ne7 7. e5 O-O 8.
Ne4 Nbc6 9. f4 Nf5 10. g3 Bc7 11. Nd6 Nxd6 12. exd6 Bb6 13. Bd3 f5 14. Bd2 e5
15. Bc4+ Kh8 16. fxe5 Nxe5 17. Be2 Qf6 18. Bc3 Qe6 19. Nd4 Qxd6 20. Rf1 Ng4 21.
Nxf5 Qxd1+ 22. Rxd1 Nf6 23. Nd6 Bc5 24. Nxc8 Raxc8 25. Bxf6 Rxf6 26. Rxf6 gxf6
27. Rxd7 1-0

[Event "ICS rated blitz match"]
[Site "204.178.125.65"]
[Date "2000.02.09"]
[Round "?"]
[White "petur3"]
[Black "Hossa"]
[Result "0-1"]
[WhiteElo "2123"]
[BlackElo "2297"]
[PlyCount "54"]

1. d4 d5 2. c4 e6 3. Nc3 Nf6 4. cxd5 exd5 5. Bg5 Be7 6. e3 O-O 7. Bd3 c6 8.
Nge2 Ng4 9. Bxe7 Qxe7 10. Qc2 g6 11. h3 Nf6 12. O-O-O Be6 13. g4 Re8 14. Kb1 c5
15. dxc5 Nc6 16. Bb5 Qxc5 17. Nd4 Nb4 18. Qb3 Rec8 19. a3 Nc6 20. Be2 Nxd4 21.
exd4 Qc6 22. Bf3 a5 23. g5 a4 24. Qb4 Ne8 25. Rc1 Qd7 26. Ka1 Rc4 27. Qb5 Rxc3
0-1